[Event "Tatarstan-ch (Women)"]
[Site "Kazan"]
[Date "2012.09.08"]
[Round "6.1"]
[White "Belova, Olga"]
[Black "Galimzianova, Aliya"]
[Result "1-0"]
[WhiteElo "2099"]
[BlackElo "1953"]
[PlyCount "68"]
[EventDate "2012.09.03"]
[EventType "swiss"]
[EventRounds "9"]
[EventCountry "RUS"]
[SourceTitle "EXT 2022"]
[Source "ChessBase"]
[SourceDate "2021.10.06"]
[SourceVersion "1"]
[SourceVersionDate "2021.10.06"]
[SourceQuality "1"]

1. d4 e6 2. Nc3 d5 3. e4 Bb4 4. exd5 exd5 5. Bd2 Ne7 6. Nf3 Bg4 7. Be2 c6 8. a3 Bd6 9. h3 Bh5 10. g4 Bg6 11. Nh4 Qc7 12. Be3 Nd7 13. Qd2 Nf6 14. Nxg6 Nxg6 15. Bg5 0-0-0 16. Qd3 Kb8 17. Qf3 Be7 18. 0-0-0 b5 19. h4 Qa5 20. h5 Nf8 21. Bd2 b4 22. Na2 Qb6 23. Bxb4 Bxb4 24. Nxb4 Ne6 25. Rhf1 Ka8 26. Qc3 Rc8 27. Bf3 a5 28. Na2 c5 29. dxc5 Rxc5 30. Qe5 Rhc8 31. Nc3 Ka7 32. Bxd5 Nxg4 33. Qg3 f5 34. Bb3 R5c6 1-0

[Event "Privolzhskogo FO-ch (Women)"]
[Site "Togliatti"]
[Date "2012.03.28"]
[Round "9"]
[White "Vifleemskaia, Svetlana"]
[Black "Galimzianova, Aliya"]
[Result "1-0"]
[WhiteElo "2155"]
[BlackElo "1919"]
[PlyCount "91"]
[EventDate "2012.03.20"]
[EventType "swiss"]
[EventRounds "9"]
[EventCountry "RUS"]
[SourceTitle "EXT 2013"]
[Source "ChessBase"]
[SourceDate "2012.11.22"]
[SourceVersion "1"]
[SourceVersionDate "2012.11.22"]
[SourceQuality "1"]

1. e4 e6 2. d4 d5 3. e5 c5 4. c3 Qb6 5. Nf3 Nc6 6. a3 c4 7. Nbd2 Na5 8. g3 Bd7 9. h4 Be7 10. Bh3 0-0-0 11. 0-0 f5 12. exf6 gxf6 13. Re1 h5 14. Qe2 f5 15. Ne5 Be8 16. Ndf3 Nb3 17. Rb1 Nxc1 18. Rexc1 Nh6 19. Qc2 Qc7 20. a4 Ng4 21. Qd2 Bf6 22. Re1 Rg8 23. b3 Qe7 24. Bg2 Nxe5 25. Nxe5 Bxe5 26. Rxe5 cxb3 27. Rxb3 Bxa4 28. Rb4 b5 29. Qe2 Rgf8 30. Qxh5 a5 31. Rb1 b4 32. cxb4 axb4 33. Qe2 Rd6 34. Rxb4 Qa7 35. Bxd5 Rxd5 36. Qc4+ Qc7 37. Qa6+ Kd8 38. Qa8+ Kd7 39. Rxd5+ exd5 40. Qxd5+ Ke7 41. Rb7 Qxb7 42. Qxb7+ Bd7 43. Qd5 Rc8 44. Qe5+ Kf7 45. d5 Rc1+ 46. Kg2 1-0

[Event "Moscow op (Women)"]
[Site "Moscow"]
[Date "2012.02.05"]
[Round "9"]
[White "Malova, Anna"]
[Black "Galimzianova, Aliya"]
[Result "0-1"]
[WhiteElo "1653"]
[BlackElo "1912"]
[PlyCount "54"]
[EventDate "2012.01.28"]
[EventType "swiss"]
[EventRounds "9"]
[EventCountry "RUS"]
[SourceTitle "CBM 146 Extra"]
[Source "ChessBase"]
[SourceDate "2012.02.29"]
[SourceVersion "1"]
[SourceVersionDate "2012.02.29"]
[SourceQuality "1"]

1. d4 Nf6 2. g3 g6 3. Bg2 Bg7 4. Nf3 d6 5. 0-0 0-0 6. c4 Nbd7 7. Nc3 e5 8. b3 exd4 9. Nxd4 Re8 10. Bb2 Nc5 11. Qc2 Ng4 12. Qd2 f5 13. Rab1 Bh6 14. Bd5+ Kf8 15. Qc2 c6 16. Bg2 Ne3 17. Qd2 Kg8 18. Kh1 Ng4 19. Qc2 Qg5 20. Nf3 Qh5 21. Rbd1 Ne4 22. Nxe4 fxe4 23. Nh4 e3 24. fxe3 Nxe3 25. Qc3 Qe5 26. Qc1 Nxd1 27. Bxe5 Bxc1 0-1

[Event "Moscow op (Women)"]
[Site "Moscow"]
[Date "2012.01.31"]
[Round "4"]
[White "Galimzianova, Aliya"]
[Black "Krasenkova, Ilena"]
[Result "0-1"]
[WhiteElo "1912"]
[BlackElo "2131"]
[PlyCount "120"]
[EventDate "2012.01.28"]
[EventType "swiss"]
[EventRounds "9"]
[EventCountry "RUS"]
[SourceTitle "CBM 146 Extra"]
[Source "ChessBase"]
[SourceDate "2012.02.29"]
[SourceVersion "1"]
[SourceVersionDate "2012.02.29"]
[SourceQuality "1"]

1. e4 c6 2. d4 d5 3. Nd2 dxe4 4. Nxe4 Bf5 5. Ng3 Bg6 6. h4 h6 7. Nf3 Nd7 8. h5 Bh7 9. Bd3 Bxd3 10. Qxd3 e6 11. Bf4 Qa5+ 12. Bd2 Bb4 13. c3 Be7 14. c4 Qc7 15. 0-0-0 Ngf6 16. Qe2 Rd8 17. Ne5 0-0 18. Ng6 fxg6 19. Qxe6+ Kh8 20. hxg6 Ng8 21. Nf5 Rxf5 22. Qxf5 Rf8 23. Qe4 Ndf6 24. Qe2 Bd6 25. Rh4 Re8 26. Qf3 Rf8 27. Qh3 Qd7 28. Qd3 Ng4 29. Qh3 N4f6 30. Qd3 Be7 31. f3 Nd5 32. Re4 Ndf6 33. Ree1 b5 34. cxb5 cxb5 35. d5 Rd8 36. Ba5 Rc8+ 37. Kb1 Bd6 38. Bc3 b4 39. Be5 Rc5 40. Bxd6 Qxd6 41. Qe3 Rxd5 42. Rc1 a5 43. g4 a4 44. a3 bxa3 45. Qxa3 Qa6 46. Qf8 Qd3+ 47. Ka1 Qxg6 48. Re7 Nd7 49. Qa8 Nb6 50. Qf8 a3 51. Re8 axb2+ 52. Kxb2 Rb5+ 53. Kc3 Qc6+ 54. Kd2 Rb2+ 55. Kd3 Qd5+ 56. Ke3 Nc4+ 57. Kf4 Qd2+ 58. Kf5 Nd6+ 59. Qxd6 Qxd6 60. Rcc8 g6+ 0-1

[Event "Tatarstan-ch"]
[Site "Kazan"]
[Date "2011.12.20"]
[Round "8.23"]
[White "Rashitova, Gulnara"]
[Black "Galimzianova, Aliya"]
[Result "1/2-1/2"]
[WhiteElo "1819"]
[BlackElo "1932"]
[PlyCount "52"]
[EventDate "2011.12.13"]
[EventType "swiss"]
[EventRounds "9"]
[EventCountry "RUS"]
[SourceTitle "EXT 2022"]
[Source "ChessBase"]
[SourceDate "2021.10.06"]
[SourceVersion "1"]
[SourceVersionDate "2021.10.06"]
[SourceQuality "1"]

1. e4 e6 2. d4 d5 3. e5 c5 4. c3 Qb6 5. Nf3 Nc6 6. Be2 cxd4 7. cxd4 Nh6 8. Nc3 Nf5 9. Bb5 Be7 10. 0-0 0-0 11. Bxc6 bxc6 12. Na4 Qb5 13. Bd2 Ba6 14. Re1 c5 15. dxc5 Bxc5 16. Nxc5 Qxc5 17. Rc1 Qb6 18. Bc3 Rac8 19. Nd4 Nxd4 20. Qxd4 Rc4 21. Qxb6 axb6 22. b3 Rc6 23. Bb2 Rfc8 24. Rxc6 Rxc6 25. Rc1 Rxc1+ 26. Bxc1 Bd3 1/2-1/2

[Event "RUS-ch (Women) 1st League 61st"]
[Site "Ivanovo"]
[Date "2011.02.21"]
[Round "1"]
[White "Galimzianova, Aliya"]
[Black "Kabanova, Ekaterina"]
[Result "0-1"]
[WhiteElo "1929"]
[BlackElo "2190"]
[PlyCount "122"]
[EventDate "2011.02.21"]
[EventType "swiss"]
[EventRounds "9"]
[EventCountry "RUS"]
[SourceTitle "CBM 141 Extra"]
[Source "ChessBase"]
[SourceDate "2011.05.03"]
[SourceVersion "1"]
[SourceVersionDate "2011.05.03"]
[SourceQuality "1"]

1. e4 c5 2. Nf3 e6 3. d4 cxd4 4. Nxd4 a6 5. Nc3 Qc7 6. g3 b5 7. Bg2 Bb7 8. 0-0 d6 9. Re1 Nd7 10. f4 Ngf6 11. g4 b4 12. Nb1 h6 13. g5 hxg5 14. fxg5 Nh5 15. g6 Ne5 16. gxf7+ Qxf7 17. c3 0-0-0 18. cxb4 Kb8 19. Nc3 Be7 20. b5 a5 21. Be3 Nf4 22. Rf1 Bg5 23. Nc6+ Nxc6 24. bxc6 Bxc6 25. Qb3+ Bb7 26. Qb6 Rd7 27. Rac1 Rc7 28. Bxf4 Bxf4 29. h3 Rc6 30. Qf2 g5 31. Rcd1 Ba6 32. Ne2 Rf8 33. Qf3 e5 34. Rd5 Qc7 35. Qh5 Rc2 36. Bf3 Qb6+ 37. Kh1 Qe3 38. Qh6 Rd8 39. Rxd6 Rxd6 40. Qxd6+ Kb7 41. Qd5+ Rc6 42. Qd7+ Rc7 43. Qd5+ Kb8 44. Qd8+ Kb7 45. Qd5+ Ka7 46. Qxa5 Rh7 47. Ng1 Kb7 48. Qd5+ Ka7 49. Qa5 Bg3 50. Kg2 Bh4 51. Ne2 g4 52. hxg4 Bd8 53. Qc3 Qh6 54. Rg1 Qh2+ 55. Kf1 Bxe2+ 56. Bxe2 Rf7+ 57. Bf3 Qh3+ 58. Ke2 Bb6 59. Rf1 Qh2+ 60. Ke1 Rd7 61. Qc2 Ba5+ 0-1

[Event "Izhevsk op-A"]
[Site "Izhevsk"]
[Date "2010.07.21"]
[Round "7"]
[White "Galimzianova, Aliya"]
[Black "Goryachkina, Aleksandra"]
[Result "0-1"]
[WhiteElo "1919"]
[BlackElo "2014"]
[PlyCount "80"]
[EventDate "2010.07.15"]
[EventType "swiss"]
[EventRounds "9"]
[EventCountry "RUS"]
[SourceTitle "CBM 137 Extra"]
[Source "ChessBase"]
[SourceDate "2010.09.01"]
[SourceVersion "1"]
[SourceVersionDate "2010.09.01"]
[SourceQuality "1"]

1. e4 d5 2. exd5 Qxd5 3. Nc3 Qd6 4. d4 Nf6 5. Nf3 a6 6. g3 b5 7. Bg2 Bb7 8. Bf4 Qb6 9. 0-0 e6 10. Re1 Be7 11. a4 b4 12. a5 Qa7 13. Na4 Nd5 14. Bg5 Nd7 15. c4 bxc3 16. bxc3 0-0 17. c4 Bxg5 18. cxd5 Bf6 19. dxe6 fxe6 20. Rxe6 Bd5 21. Re3 Rad8 22. Rd3 Be4 23. Rd2 c5 24. Qb3+ Kh8 25. Re1 Bxf3 26. Bxf3 Bxd4 27. Qb7 Qxb7 28. Bxb7 Ne5 29. Nb6 Rde8 30. Red1 Ng4 31. Rxd4 cxd4 32. Bxa6 Nxf2 33. Rxd4 g5 34. Rd2 Nh3+ 35. Kg2 g4 36. Bc8 h5 37. Rd1 Rf2+ 38. Kh1 Ree2 39. Rd8+ Kg7 40. Rd7+ Kf8 0-1

[Event "Izhevsk op-A"]
[Site "Izhevsk"]
[Date "2010.07.19"]
[Round "5"]
[White "Pershina, Elena"]
[Black "Galimzianova, Aliya"]
[Result "1/2-1/2"]
[WhiteElo "2028"]
[BlackElo "1919"]
[PlyCount "114"]
[EventDate "2010.07.15"]
[EventType "swiss"]
[EventRounds "9"]
[EventCountry "RUS"]
[SourceTitle "CBM 137 Extra"]
[Source "ChessBase"]
[SourceDate "2010.09.01"]
[SourceVersion "1"]
[SourceVersionDate "2010.09.01"]
[SourceQuality "1"]

1. c4 e5 2. g3 Nf6 3. Bg2 d5 4. cxd5 Nxd5 5. Nc3 Nb6 6. Nf3 Nc6 7. a3 Be7 8. b4 Be6 9. 0-0 0-0 10. d3 a5 11. b5 Nd4 12. Rb1 Nxf3+ 13. Bxf3 Nd5 14. Qc2 Rc8 15. e4 Nf6 16. Rd1 c6 17. b6 Nd7 18. Na4 c5 19. Be2 Nb8 20. Be3 Nc6 21. Qb2 Nd4 22. Nc3 Rc6 23. a4 Qd7 24. Nb5 Rxb6 25. Bxd4 cxd4 26. Rdc1 Rc6 27. Rxc6 bxc6 28. Na3 Bb4 29. Bd1 Qe7 30. Nc2 Rb8 31. Qc1 Bd6 32. Rxb8+ Bxb8 33. Qb2 Bd6 34. Qb6 Qc7 35. Qa6 h6 36. Ne1 Bb4 37. Ng2 c5 38. f4 c4 39. f5 Bc8 40. Qxc4 Qxc4 41. dxc4 Ba6 42. Be2 Kf8 43. Kf1 Ke7 44. Ne1 Kd7 45. Nd3 f6 46. Nc1 Bb7 47. Bd3 Bc6 48. Bc2 Kd6 49. Ke2 Kc5 50. Kd3 Ba3 51. Na2 Bb7 52. Bb3 Ba6 53. g4 Bb4 54. Nc1 Be1 55. Ke2 Bc3 56. Nd3+ Kd6 57. Kf3 Kc6 1/2-1/2

[Event "Izhevsk op-A"]
[Site "Izhevsk"]
[Date "2010.07.17"]
[Round "3"]
[White "Morozkin, Nikita"]
[Black "Galimzianova, Aliya"]
[Result "1/2-1/2"]
[WhiteElo "2124"]
[BlackElo "1919"]
[PlyCount "65"]
[EventDate "2010.07.15"]
[EventType "swiss"]
[EventRounds "9"]
[EventCountry "RUS"]
[SourceTitle "CBM 137 Extra"]
[Source "ChessBase"]
[SourceDate "2010.09.01"]
[SourceVersion "1"]
[SourceVersionDate "2010.09.01"]
[SourceQuality "1"]

1. d4 e6 2. Nf3 f5 3. c4 Nf6 4. Nc3 d5 5. Bf4 c6 6. e3 Bd6 7. c5 Bxf4 8. exf4 0-0 9. Ne5 Bd7 10. f3 Be8 11. Be2 Nbd7 12. Nd3 b6 13. b4 a5 14. a3 axb4 15. axb4 Rxa1 16. Qxa1 b5 17. Qa5 Bf7 18. Kd2 Qxa5 19. bxa5 Ra8 20. Ra1 Nb8 21. Nb4 Be8 22. Ra3 Bd7 23. Nca2 Ne8 24. Nc1 Nc7 25. Kc3 Nba6 26. Nc2 Kf7 27. Nd3 Be8 28. Ra1 Kf6 29. g4 g6 30. Nc1 Bd7 31. Nb3 Rb8 32. Rg1 Re8 33. h4 1/2-1/2

[Event "Nezhmetdinov Memorial 32nd"]
[Site "Kazan"]
[Date "2010.06.02"]
[Round "3"]
[White "Galimzianova, Aliya"]
[Black "Baraeva, Marina"]
[Result "0-1"]
[WhiteElo "1908"]
[BlackElo "2102"]
[PlyCount "110"]
[EventDate "2010.05.31"]
[EventType "swiss"]
[EventRounds "9"]
[EventCountry "RUS"]
[SourceTitle "CBM 136 Extra"]
[Source "ChessBase"]
[SourceDate "2010.07.02"]
[SourceVersion "2"]
[SourceVersionDate "2010.07.15"]
[SourceQuality "1"]

1. e4 e6 2. d4 d5 3. Nc3 Bb4 4. e5 c5 5. a3 Bxc3+ 6. bxc3 Ne7 7. Qg4 0-0 8. Bd3 Nbc6 9. Qh5 Ng6 10. Nf3 Qe8 11. Ng5 h6 12. Nf3 c4 13. Be2 f5 14. exf6 Rxf6 15. g4 Bd7 16. g5 Rf5 17. Nh4 Nxh4 18. Qxh4 hxg5 19. Bxg5 Qg6 20. Rg1 Raf8 21. Kd2 Qh7 22. Rg2 Qxh4 23. Bxh4 Kh7 24. Rag1 Rg8 25. Bg4 Rff8 26. Bh5 Be8 27. Bg6+ Bxg6 28. Rxg6 Rf4 29. R6g4 Rxg4 30. Rxg4 Rf8 31. Ke2 Nb8 32. Be7 Rf7 33. Bc5 b6 34. Bd6 Nd7 35. Rf4 Nf6 36. Be5 Kg6 37. f3 Rf8 38. Rh4 Kf7 39. Bxf6 Kxf6 40. Rf4+ Ke7 41. Rxf8 Kxf8 42. Ke3 Kf7 43. Kf4 Kf6 44. h4 b5 45. h5 a5 46. Kg4 e5 47. dxe5+ Ke6 48. Kf4 a4 49. Kg5 d4 50. cxd4 b4 51. axb4 a3 52. Kg6 a2 53. Kxg7 a1Q 54. h6 Qxd4 55. h7 Qxe5+ 0-1

[Event "RUS-ch (Women) 1st League 59th"]
[Site "Smolensk"]
[Date "2009.03.06"]
[Round "9"]
[White "Skakun, Valentina"]
[Black "Galimzianova, Aliya"]
[Result "0-1"]
[WhiteElo "1700"]
[BlackElo "1852"]
[PlyCount "68"]
[EventDate "2009.02.26"]
[EventType "team-tourn"]
[EventRounds "9"]
[EventCountry "RUS"]
[SourceTitle "CBM 129 Extra"]
[Source "ChessBase"]
[SourceDate "2009.05.05"]
[SourceVersion "2"]
[SourceVersionDate "2009.05.20"]
[SourceQuality "1"]

1. d4 Nf6 2. c4 c5 3. d5 d6 4. Nc3 g6 5. e4 Bg7 6. Bd3 0-0 7. Nf3 e6 8. dxe6 fxe6 9. 0-0 Nc6 10. e5 dxe5 11. a3 a6 12. Bg5 Qc7 13. Qc1 Nd4 14. Nh4 e4 15. Bc2 Ng4 16. g3 Nf3+ 17. Nxf3 exf3 18. Be4 Bd4 19. Bf4 e5 20. Nd5 Qd6 21. Bg5 Rf7 22. Qc2 Nxh2 23. Ne7+ Rxe7 24. Bxe7 Qxe7 25. Kxh2 Qd7 26. Bxf3 Qh3+ 27. Kg1 Qxg3+ 28. Bg2 Bh3 29. Qe4 Rf8 30. Qd5+ Kh8 31. Qxb7 Bxf2+ 32. Kh1 Qh4 33. Qb3 Bg4+ 34. Bh3 Bf3+ 0-1

[Event "RUS-ch (Women) 1st League 59th"]
[Site "Smolensk"]
[Date "2009.03.03"]
[Round "6"]
[White "Goryachkina, Aleksandra"]
[Black "Galimzianova, Aliya"]
[Result "1-0"]
[WhiteElo "2020"]
[BlackElo "1852"]
[PlyCount "83"]
[EventDate "2009.02.26"]
[EventType "team-tourn"]
[EventRounds "9"]
[EventCountry "RUS"]
[SourceTitle "CBM 129 Extra"]
[Source "ChessBase"]
[SourceDate "2009.05.05"]
[SourceVersion "2"]
[SourceVersionDate "2009.05.20"]
[SourceQuality "1"]

1. f4 Nf6 2. Nf3 g6 3. g3 Bg7 4. Bg2 0-0 5. 0-0 d5 6. d3 Bf5 7. Nh4 Bd7 8. e4 dxe4 9. dxe4 e5 10. f5 Bc6 11. Nc3 Nbd7 12. Qe2 Nc5 13. Rd1 Qe7 14. b4 Na4 15. Nxa4 Bxa4 16. a3 Bc6 17. Qc4 Kh8 18. b5 Bd7 19. a4 Rfc8 20. Ba3 Qe8 21. Qb3 g5 22. Nf3 Nxe4 23. g4 h6 24. Ne1 Nd6 25. Bxd6 cxd6 26. Bxb7 e4 27. Bxc8 Qxc8 28. Rac1 Qc5+ 29. Kg2 Bd4 30. Qxf7 Bg1 31. Qf6+ Kg8 32. Qg6+ Kf8 33. Qxd6+ Qxd6 34. Rxd6 Be3 35. Rcd1 Bc8 36. Rxh6 Kg7 37. Rdd6 Bf4 38. Rdg6+ Kf8 39. Rh8+ Ke7 40. Rh7+ Kf8 41. Rgg7 a6 42. f6 1-0

[Event "RUS-ch (Women) 1st League 59th"]
[Site "Smolensk"]
[Date "2009.02.27"]
[Round "2"]
[White "Galimzianova, Aliya"]
[Black "Kovalenko, Yulya2222"]
[Result "1-0"]
[WhiteElo "1852"]
[BlackElo "2023"]
[PlyCount "47"]
[EventDate "2009.02.26"]
[EventType "team-tourn"]
[EventRounds "9"]
[EventCountry "RUS"]
[SourceTitle "CBM 129 Extra"]
[Source "ChessBase"]
[SourceDate "2009.05.05"]
[SourceVersion "2"]
[SourceVersionDate "2009.05.20"]
[SourceQuality "1"]

1. e4 c5 2. Nf3 Nc6 3. Bb5 e6 4. 0-0 Nge7 5. e5 Qc7 6. Re1 a6 7. Bxc6 Qxc6 8. Nc3 b5 9. Ne4 Nf5 10. d3 Bb7 11. Bf4 d5 12. exd6 Nxd6 13. Qe2 Rd8 14. Ne5 Qd5 15. Qh5 Be7 16. c4 g6 17. Qh3 Qd4 18. Nf3 Qxb2 19. Be5 Qc2 20. Bxh8 Nxe4 21. dxe4 Bxe4 22. Rac1 Qd3 23. Re3 Qd6 24. Rxe4 1-0

[Event "PriFR-ch U16 Girls"]
[Site "Penza"]
[Date "2008.11.08"]
[Round "6"]
[White "Galimzianova, Aliya"]
[Black "Shur, Tatiana"]
[Result "1-0"]
[WhiteElo "1874"]
[BlackElo "1463"]
[PlyCount "49"]
[EventDate "2008.11.03"]
[EventType "swiss"]
[EventRounds "9"]
[EventCountry "RUS"]
[SourceTitle "EXT 2022"]
[Source "ChessBase"]
[SourceDate "2021.10.06"]
[SourceVersion "1"]
[SourceVersionDate "2021.10.06"]
[SourceQuality "1"]

1. e4 c5 2. Nf3 d6 3. c3 Nf6 4. Be2 Nc6 5. d4 Bd7 6. e5 dxe5 7. dxe5 Ng4 8. Bf4 g6 9. h3 Nh6 10. 0-0 Bf5 11. Qc1 Ng8 12. Bc4 e6 13. Rd1 Qc7 14. Na3 a6 15. Qe3 Nge7 16. g4 g5 17. Bxg5 Bg6 18. Bb3 h5 19. Nc4 Nd5 20. Qe2 hxg4 21. hxg4 Bg7 22. Nd6+ Kf8 23. Bxd5 Bxe5 24. Nxe5 Qxd6 25. Bxe6 1-0

[Event "PriFR-ch U16 Girls"]
[Site "Penza"]
[Date "2008.11.03"]
[Round "1"]
[White "Gorozhankina, Julia"]
[Black "Galimzianova, Aliya"]
[Result "1-0"]
[WhiteElo "2104"]
[BlackElo "1874"]
[PlyCount "91"]
[EventDate "2008.11.03"]
[EventType "swiss"]
[EventRounds "9"]
[EventCountry "RUS"]
[SourceTitle "EXT 2022"]
[Source "ChessBase"]
[SourceDate "2021.10.06"]
[SourceVersion "1"]
[SourceVersionDate "2021.10.06"]
[SourceQuality "1"]

1. e4 e6 2. d4 d5 3. e5 c5 4. c3 Qb6 5. Nf3 Nc6 6. a3 c4 7. Nbd2 Na5 8. Be2 Bd7 9. 0-0 Ne7 10. Rb1 h6 11. Qc2 0-0-0 12. b3 cxb3 13. Nxb3 Nxb3 14. Rxb3 Ba4 15. Rxb6 Bxc2 16. Rb2 Ba4 17. Be3 Nf5 18. Rfb1 Bc6 19. a4 Nxe3 20. fxe3 Be7 21. Nd2 Bg5 22. Kf2 f6 23. Nf3 f5 24. c4 Be7 25. a5 a6 26. Nd2 g5 27. cxd5 exd5 28. Rc2 Kd7 29. Nb3 Rc8 30. Nc5+ Bxc5 31. Rxc5 g4 32. Rb6 h5 33. Bd1 Rcd8 34. Bc2 Ke6 35. Ba4 Rc8 36. Bxc6 bxc6 37. Rbxc6+ Rxc6 38. Rxc6+ Ke7 39. Rxa6 Rb8 40. Rb6 Ra8 41. a6 h4 42. Rh6 Kf7 43. Rf6+ Ke7 44. h3 Kd7 45. a7 Ke7 46. Rh6 1-0